00357nam a2200121 a 450000500170000000800410001702000180005805000170007624500540009326000510014730000230019865000140022120140412111316.0001218s19uu xx 00 eng d a0-86112-826-5 aERbAb1 1992 aABC (show baby) /cillustrated by Lesly Blackman. aNewmarket, England :bBrimax Books Ltd,c1992. a1 v. (unp.) ; ill. aAlphabets